00955nam0a22002171 4500001001000000005001700010035002600027100004100053101000800094102000700102105001800109200028000127210003100407215003300438320004200471702005900513712010600572801001800678801002200696852001900718rc\87745620260407105748.0 a(NLR Aleph) 006055361 a20041129d1984 |||y0rusy50 ca0 arus aRU aa |||||||||1 aЭкономические и правовые основы функционирования вычислительных центровe(Сб. науч. тр.)fАН УССР, Ин-т экономики пром-стиg[Редкол.: Л.Ш. Гафт (пред.) и др.] aДонецкcИЭПd1984 a168 с., 1 л. табл.d20 aБиблиогр. в конце ст. 1aГафтbЛ.Ш.gЛеонид Шевелевич434002aИнститут экономики промышленностиcДонецк3RU\NLR\AUTH\889937507 0aRUbNLRgpsbo 1aRUbELAR2rusmarc aNLRj85-3/3265